Loading...
Automatic control systems
| Main Author: | |
|---|---|
| Format: | Printed Book |
| Published: |
New Delhi
Prentice Hall of India
1995
|
| Edition: | 7th ed. |
| Subjects: |
| LEADER | 00483cam a2200157ua 4500 | ||
|---|---|---|---|
| 020 | |a 81-203-0968-5 | ||
| 082 | |a 629.8 |b KUO/A | ||
| 100 | 0 | |a Kuo, Benjamin C | |
| 245 | 1 | 2 | |a Automatic control systems |
| 250 | |a 7th ed. | ||
| 260 | |a New Delhi |b Prentice Hall of India |c 1995 | ||
| 300 | |a xxii, 897p. | ||
| 650 | 0 | |a Engineering- Control Systems | |
| 942 | |c BK | ||
| 999 | |c 9113 |d 9113 | ||
| 952 | |0 0 |1 0 |4 0 |6 629_800000000000000_KUO_A |7 0 |9 9505 |a KUCL |b KUCL |d 2014-05-23 |l 0 |o 629.8 KUO/ A |p 02442 |r 2014-05-23 |y BK | ||